000 00641nmm a2200193Ia 4500
008 251105s9999||||xx |||||||||||||||||und||
020 _a9789560001702
041 _aspa
100 _aNitschack, Host
245 0 _aLa actualidad de Friedrich Schiller :
_b Para una crítica cultural al inicio del siglo XXI
264 _a[Santiago de Chile, Chile] :
_bLOM Ediciones,
_c2010
300 _a142 páginas
490 _aCiencias Sociales y Humanas
650 _aGermanic literature and language
700 _aNitschack, Host
700 1 _a Babel, Reinhard (eds.)
856 _uhttps://public.digitaliapublishing.com/a/13173
942 _cCF
999 _c69371
_d69371